00000000nam##2200000za#4500
0019.621260
003CaOODSP
00520200401044340
007ta
008150406|1991||||xxc|||||     f|0| 0 fre|d
040 |aCaOODSP|bfre
043 |an-cn---
0861 |aFs97-6/1810F
1101 |aCanada. |bMinistère des pêches et des océans.
24510|aIdentification des populations de poissons d'intérêt économique en situation précaire dans le réseau du St-Laurent et sélection des espèces pour des interventions immédiates / |cpar J. A. Robitaille et al.
260 |aOttawa - Ontario : |bPêches et Océans Canada |c1991.
300 |a24p. : |bfigures, références, tableaux ; |c28 cm.
4901 |aRapport technique canadien des sciences halieutiques et aquatiques|v1810
546 |aAbstracts in English
563 |aCouverture souple
7201 |aRobitaille, J. A.
7760#|tIdentification des populations de poissons d'intérêt économique en situation précaire dans le réseau du St-Laurent et sélection des espèces pour des interventions immédiates / |w(CaOODSP)9.603991
830#0|aRapport technique canadien des sciences halieutiques et aquatiques ;|v1810|w(CaOODSP)9.513051